| 000 | 00352 a2200133 4500 | ||
|---|---|---|---|
| 082 |
_a625.26 RAI _bL-18-P-10 |
||
| 090 |
_c3262 _d3262 |
||
| 245 | _aRAILWAY MANUAL | ||
| 260 |
_bBIRMINGHAM _cBRITISH TIMKEN LTD |
||
| 300 |
_a118P. HB _bILL _c25CM |
||
| 500 | _aRAILWAY | ||
| 526 |
_a0 _b0 _c0 _d625_260000000000000_RAI |
||
| 942 |
_2ddc _aMCE _cBOOK _k625.26 RAI |
||
| 999 |
_c547325 _d547325 |
||